| 000 | 01259nam a2200241Ia 4500 | ||
|---|---|---|---|
| 999 |
_c51927 _d51927 |
||
| 001 | 18927 | ||
| 003 | GE_BSU | ||
| 005 | 20220920161910.0 | ||
| 008 | 181216s2008||||ge |||||||||||||| ||geo|| | ||
| 040 | _cGE_BSU | ||
| 041 | _ageo | ||
| 080 | _a63 თ-17 | ||
| 100 |
_aთავდუმაძე, ი. _910601 |
||
| 245 |
_aბალზამური ტიპის ჩაის წარმოების ტექნოლოგია : დისერტაცია / _cი. თავდუმაძე; სამეცნიერო ხელმძღვანელი ნ. ორაგველიძე; ბათუმის შოთა რუსთაველის სახელმწიფო უნივერსიტეტი. |
||
| 264 |
_aბათუმი, _b _c2008. |
||
| 300 |
_a133 გვ. ; _b30 სმ. |
||
| 653 | _aბალზამური ტიპის ჩაის წარმოების ტექნოლოგია | ||
| 653 | _aდისერტაცია | ||
| 653 | _aსოფლის მეურნეობა | ||
| 700 |
_aორაგველიძე, ნ. _eსამეცნიერო ხელმძღვანელი _910602 |
||
| 710 |
_aბსუ _911843 |
||
| 942 |
_cBK _2udc |
||